[Event "Border op 9th"]
[Site "Niebuell,Leck,Tonder,Oster Ho"]
[Date "2019.04.09"]
[Round "8"]
[White "Kania, Lutz"]
[Black "Kristensen, Karl Martin"]
[Result "1-0"]
[WhiteElo "1560"]
[BlackElo "1510"]
[PlyCount "59"]
[EventDate "2018.09.24"]
[EventType "swiss"]
[EventRounds "9"]
[EventCountry "DEN"]
[SourceTitle "EXT 2020"]
[Source "ChessBase"]
[SourceDate "2019.10.17"]
[SourceVersion "1"]
[SourceVersionDate "2019.10.17"]
[SourceQuality "1"]

1. c4 e5 2. g3 Bc5 3. Bg2 Nf6 4. Nc3 c6 5. e4 a6 6. Nge2 Ng4 7. 0-0 Qf6 8. Qe1 h5 9. h3 Qh6 10. d4 Qd6 11. dxc5 Qxc5 12. hxg4 Qxc4 13. f4 Qc5+ 14. Qf2 Qxf2+ 15. Rxf2 d6 16. gxh5 Bg4 17. Bf3 Bxf3 18. Rxf3 Rxh5 19. fxe5 dxe5 20. Rf5 Rxf5 21. exf5 Nd7 22. Ne4 0-0-0 23. Be3 f6 24. Rd1 b6 25. g4 Kc7 26. g5 Rh8 27. gxf6 gxf6 28. b3 Rg8+ 29. Kf2 a5 30. Rxd7+ 1-0

[Event "Border op 9th"]
[Site "Niebuell,Leck,Tonder,Oster Ho"]
[Date "2018.09.24"]
[Round "1"]
[White "Langner, Michel"]
[Black "Kania, Lutz"]
[Result "1-0"]
[WhiteElo "1798"]
[BlackElo "1560"]
[PlyCount "99"]
[EventDate "2018.09.24"]
[EventType "swiss"]
[EventRounds "9"]
[EventCountry "DEN"]
[SourceTitle "EXT 2020"]
[Source "ChessBase"]
[SourceDate "2019.10.17"]
[SourceVersion "1"]
[SourceVersionDate "2019.10.17"]
[SourceQuality "1"]

1. e4 e6 2. d4 d5 3. exd5 exd5 4. f4 Nf6 5. Nf3 Bg4 6. Bd3 Nc6 7. c3 Qe7+ 8. Qe2 Bxf3 9. Qxe7+ Bxe7 10. gxf3 Nd7 11. h4 Nd8 12. f5 f6 13. Bf4 c5 14. Nd2 cxd4 15. cxd4 Nc6 16. Nb3 Nb4 17. Kd2 Rc8 18. a3 Nxd3 19. Kxd3 b6 20. Rae1 Kf7 21. h5 h6 22. Rhg1 Rhe8 23. Re2 Bf8 24. Reg2 a5 25. Bd6 Bxd6 26. Rxg7+ Kf8 27. Rxd7 Rcd8 28. Rdg7 Bf4 29. Rg8+ Ke7 30. Re1+ Kf7 31. Rgxe8 Rxe8 32. Rxe8 Kxe8 33. Na1 Bc1 34. Kc3 Kd7 35. Nc2 Kc6 36. a4 b5 37. axb5+ Kxb5 38. b3 Kb6 39. Ne1 Ba3 40. Nd3 Bd6 41. Nf2 Bf4 42. Ng4 Bg5 43. Nf2 Kb5 44. Ng4 Kc6 45. f4 Bxf4 46. Nxf6 Bg5 47. Ng4 Kd6 48. Kb2 Kc6 49. Ka3 Kb5 50. f6 1-0